Compendio de alteraciones y conservación de los medicamentos / (Record no. 100283)

MARC details
000 -LEADER
campo de control de longitud fija 00507nam a2200157 i 4500
001 - NÚMERO DE CONTROL
campo de control 100283
003 - IDENTIFICADOR DE NÚMERO DE CONTROL
campo de control ES-MaACL
005 - FECHA Y HORA DE LA ÚLTIMA TRANSACCIÓN
campo de control 20230906182638.0
007 - CAMPO FIJO DE DESCRIPCIÓN FÍSICA--INFORMACIÓN GENERAL
campo de control de longitud fija t|
008 - DATOS DE LONGITUD FIJA--INFORMACIÓN GENERAL
campo de control de longitud fija 050926s1907 sp ||||1| spa d
100 1# - ENTRADA PRINCIPAL--NOMBRE DE PERSONA
Nombre de persona Más y Guindal, Joaquín.
9 (RLIN) 78652
245 10 - MENCIÓN DEL TÍTULO
Título Compendio de alteraciones y conservación de los medicamentos /
Mención de responsabilidad, etc. Joaquín Más y Guindal.
260 ## - PUBLICACIÓN, DISTRIBUCIÓN, ETC.
Lugar de publicación, distribución, etc. Madrid :
Nombre del editor, distribuidor, etc. La Medicina Militar Española,
Fecha de publicación, distribución, etc. 1907.
650 #4 - PUNTO DE ACCESO ADICIONAL DE MATERIA--TÉRMINO DE MATERIA
Término de materia o nombre geográfico como elemento de entrada Medicamentos-
Subdivisión general Conservación.
9 (RLIN) 163654
852 ## - LOCALIZACIÓN
Ubicación ES-MaACL
Número de control de estantería T-1402-F-5
Holdings
Estatus retirado Estado de pérdida Estado de daño No para préstamo Colección Biblioteca de origen Biblioteca actual Ubicación en estantería Fecha de adquisición Fuente de adquisición Total de préstamos Signatura topográfica completa Código de barras Visto por última vez Precio de reemplazo Tipo de ítem Koha
        Colección de folletos Biblioteca del Ateneo de Madrid Biblioteca del Ateneo de Madrid Depósito folletos 17/01/2008     T-1402-F-5 1104711 23/02/2023 23/02/2023 Folleto